000 03339nam0a2200433 4500
001 RU\NLR\BIBL_A\012249071
005 20210812101055.0
010 _a978-5-7876-0351-4
_9250
021 _aRU
_bКН-П-20-006215
_9КН-П-20-0474
035 _a(NLR Aleph) 012249071
035 _a(RuMoRGB)010265324
090 _a11072416
_c11072416
100 _a20200318d2019 k y0rusy50 ca
101 0 _arus
_deng
102 _aRU
105 _aa|||z|||100zy
181 0 _ai
_baxxe
182 0 _an
200 1 _aАктуальные проблемы развития и совершенствования системы физического воспитания для подготовки специалистов в транспортной отрасли
_eсборник трудов
_fМинистерство транспорта Российской Федерации, Федеральное государственное автономное образовательное учреждение высшего образования "Российский университет транспорта", Кафедра "Физическая культура и спорт"
_gпод редакцией кандидата педагогических наук, доцента Маскаевой Т. Ю., кандидата педагогических наук Грекова Ю. А.
203 _aТекст
_bвизуальный
_cнепосредственный
210 _aМосква
_cРоссийский университет транспорта (МИИТ)
_d2019
215 _a162 с.
_cил., табл.
_d21
300 _aРез. англ.
320 _aБиблиогр. в конце ст.
606 1 _aВысшие транспортные учебные заведения
_jСъезды, совещания и т.п
_xСтуденты
_xФизическое воспитание
_92446442
_3RU\NLR\AUTH\6601672648
606 1 _aПрофессионально-прикладная физическая подготовка
_jСъезды, совещания и т.п
_xВысшие транспортные учебные заведения
_92425244
_3RU\NLR\AUTH\6601662441
610 0 _aспециалисты в транспортной отрасли - физическая культура для подготовки
686 1 _aЧ488.759.135.4я431
686 1 _aЧ511.1,6(2)531.8я431
686 1 _aЧ511.7я431
702 1 _aМаскаева
_bТ. Ю.
_gТатьяна Юрьевна
_4340
711 1 2 _a"Актуальные проблемы развития и совершенствования системы физического воспитания для подготовки специалистов в транспортной отрасли", международная научно-практическая конференция
_eМосква
_f2019
_9702871
_3RU\NLR\AUTH\880521034
712 0 2 _4570
_aРоссийский университет транспорта
_bКафедра "Физическая культура и спорт"
_9702878
_3RU\NLR\AUTH\880521037
942 _cBOOK
980 _aNBR
980 _aNB